| 000 | 00462nam a2200181 a 4500 | ||
|---|---|---|---|
| 001 | 1760612383887 | ||
| 003 | ACL | ||
| 005 | 20251016163316.0 | ||
| 008 | 251016s2010##################000#0#eng## | ||
| 020 | _a9780230232952 | ||
| 082 | 0 | 4 |
_a658.4092 _bKAK |
| 100 | 1 |
_aKakabadse, N., _eauthor. |
|
| 245 | 1 | 0 | _aRice Wine with the Minister : |
| 260 |
_bPalgrave Macmillan, _c2010. |
||
| 650 | 0 | _aBusiness & Economics. | |
| 942 | _cENGLISH | ||
| 040 |
_aACL _beng _cACL |
||
| 999 |
_c591973 _d591973 |
||